Essentials of guidance and counselling practices
Saved in:
| Main Author: | |
|---|---|
| Format: | Book |
| Language: | English |
| Published: |
Gbemisola Multi services
2011
|
| Tags: |
Add Tag
No Tags, Be the first to tag this record!
|
MARC
| LEADER | 00000nam a22000007a 4500 | ||
|---|---|---|---|
| 008 | 210119b ||||| |||| 00| 0 eng d | ||
| 020 | |a 978-2459-84-4 | ||
| 100 | |a BUSARI, Olanike A. | ||
| 245 | |a Essentials of guidance and counselling practices |c Busari, A. Olanike |g xii,176p. | ||
| 250 | |b 2nd ed. | ||
| 260 | |b Gbemisola Multi services |c 2011 |h Ibadan |i 691015 |i 691016 |l LB1027 |m LB1027.B96 | ||
| 942 | |a lcc |c BK |e Kuteyi, M. A. |f 19/01/2021 | ||
| 952 | |0 0 |1 0 |2 lcc |4 0 |6 LB1027 B96 |7 0 |9 1188 |a HOL |b ED |c LP |d 2021-01-19 |l 0 |o LB1027 .B96 |p 2021-0009 |r 2021-01-19 00:00:00 |w 2021-01-19 |y BK | ||
| 952 | |0 0 |1 0 |2 lcc |4 0 |6 LB1027 B96 |7 0 |9 1189 |a HOL |b HOL |c LP |d 2021-01-19 |l 0 |o LB1027 .B96 |p 2021-0010 |r 2021-01-19 00:00:00 |w 2021-01-19 |y BK | ||
| 999 | |c 626 |d 626 | ||